000 01435cam a2200277zu 4500
001 88926763
003 FRCYB88926763
005 20251020123451.0
006 m o d
007 cr un
008 251020s2022 fr | o|||||0|0|||fre d
020 _a9782200632915
035 _aFRCYB88926763
040 _aFR-PaCSA
_bfr
_c
_erda
100 1 _aBoniface, Pascal
245 0 1 _a50 idées reçues sur l'état du monde
_c['Boniface, Pascal']
264 1 _bArmand Colin
_c2022
300 _a p.
336 _btxt
_2rdacontent
337 _bc
_2rdamdedia
338 _bc
_2rdacarrier
650 0 _a
700 0 _aBoniface, Pascal
856 4 0 _2Cyberlibris
_uhttps://international.scholarvox.com/netsen/book/88926763
_qtext/html
_a
520 _aTel un virus, les idées reçues circulent largement et rapidement. Nous pouvons tous être contaminés, parfois sans en être conscients. Elles ont l’apparence de l’évidence, mais elles masquent la réalité.En interrogeant les idées reçues les plus répandues, Pascal Boniface remet les réalités du monde contemporain en perspective. Grâce à une vision globale et un sens de la pédagogie, il déconstruit les jugements à l’emporte-pièce, qui ne résistent pas à un examen scrupuleux des rivalités géopolitiques.Par un regard critique et expert, cet ouvrage rend accessibles les questions internationales qui agitent le débat public ! 
999 _c1554336
_d1554336